| 000 | 01079cam a22003131 4500 | ||
|---|---|---|---|
| 001 | 000013045 | ||
| 003 | DO-SdBNP | ||
| 005 | 20220217112215.0 | ||
| 008 | 781102s1970 ve b f000 0 spa | ||
| 010 | _a78387470 | ||
| 040 |
_aDO-SdBNP _cDLC _dDLC |
||
| 043 | _as-ve--- | ||
| 050 | 0 | 0 |
_aKNW698 _b.S26 1970 |
| 100 | 1 |
_aSanso, Benito. _930152 |
|
| 245 | 1 | 3 |
_aLa revocacion en el derecho privado (con particular referencia a la revocacion de las disposiciones testamentarias) / _cBenito Sanso. |
| 260 |
_aCaracas : _bFacultad de Derecho, Universidad Central de Venezuela, _c1970. |
||
| 300 |
_a165 p. ; _c23 cm. |
||
| 490 | 0 | _aColeccion Tesis doctorales ; no. 1 | |
| 490 | 0 | _aCursos de doctorado | |
| 500 | _aOriginally presented as the author's thesis, Universidad Central de Venezuela, 1969. | ||
| 504 | _aBibliography: p. 159-165. | ||
| 650 | 0 |
_aRevocation _zVenezuela. _930153 |
|
| 650 | 0 |
_aWills _zVenezuela. _930154 |
|
| 650 | 0 |
_aRevocation. _930155 |
|
| 650 | 0 |
_aWills. _930156 |
|
| 910 | _aCatalogación por copia / LC | ||
| 910 | _aDC | ||
| 942 |
_2ddc _cLBS1 |
||
| 999 |
_c12688 _d12688 |
||